|
|
|
|
| LEADER |
01656nam a2200409 i 4500 |
| 001 |
EBC5430379 |
| 003 |
MiAaPQ |
| 005 |
20200520144314.0 |
| 006 |
m o d | |
| 007 |
cr cnu|||||||| |
| 008 |
180705s2018 ts o 000 0 eng d |
| 020 |
|
|
|z 9781681086903
|
| 020 |
|
|
|a 9781681086897 (e-book)
|
| 035 |
|
|
|a (MiAaPQ)EBC5430379
|
| 035 |
|
|
|a (Au-PeEL)EBL5430379
|
| 035 |
|
|
|a (CaPaEBR)ebr11579215
|
| 035 |
|
|
|a (OCoLC)1041915558
|
| 040 |
|
|
|a MiAaPQ
|b eng
|e rda
|e pn
|c MiAaPQ
|d MiAaPQ
|
| 050 |
|
4 |
|a HB171.5
|b .Y378 2018
|
| 082 |
0 |
|
|a 330
|2 23
|
| 100 |
1 |
|
|a Yasuoka, Takashi,
|e author.
|
| 245 |
1 |
0 |
|a Economics.
|n Volume 1 :
|b current and future developments : interest rate modeling for risk management market price of interest rate risk /
|c Takashi Yasuoka.
|
| 250 |
|
|
|a Second edition.
|
| 264 |
|
1 |
|a Sharjah, UAE :
|b Bentham Science Publishers,
|c [2018]
|
| 264 |
|
4 |
|c 2018
|
| 300 |
|
|
|a 1 online resource (325 pages)
|
| 336 |
|
|
|a text
|b txt
|2 rdacontent
|
| 337 |
|
|
|a computer
|b c
|2 rdamedia
|
| 338 |
|
|
|a online resource
|b cr
|2 rdacarrier
|
| 588 |
|
|
|a Description based on print version record.
|
| 590 |
|
|
|a Electronic reproduction. Ann Arbor, MI : ProQuest, 2018. Available via World Wide Web. Access may be limited to ProQuest affiliated libraries.
|
| 650 |
|
0 |
|a Economics.
|
| 650 |
|
0 |
|a Risk management.
|
| 655 |
|
4 |
|a Electronic books.
|
| 776 |
0 |
8 |
|i Print version:
|a Yasuoka, Takashi.
|t Economics. Volume 1.
|b Second edition.
|d Sharjah, UAE : Bentham Science Publishers, c2018
|h 325 pages
|z 9781681086903
|
| 797 |
2 |
|
|a ProQuest (Firm)
|
| 856 |
4 |
0 |
|u https://ebookcentral.proquest.com/lib/matrademy/detail.action?docID=5430379
|z Click to View
|